| 000 | 00676 a2200229 4500 | ||
|---|---|---|---|
| 003 | CBULib | ||
| 005 | 20240515143727.0 | ||
| 008 | 240417b |||||||| |||| 00| 0 eng d | ||
| 020 | _a9780128102138 | ||
| 040 |
_bEnglish _cCBULib _erda |
||
| 041 | _aeng | ||
| 050 | _aQH 541.5.S7 Riv | ||
| 100 |
_aLikens, Gene E. _92753 |
||
| 245 |
_aRiver ecosystem ecology _c/ edited by Gene E. Likens |
||
| 260 |
_bElsevier, _c2010. _aOxford : |
||
| 300 | _axii, 411 pages : illustrations | ||
| 336 |
_2rdacontent _aText | _btxt |
||
| 337 |
_2rdamedia _aUnmediated | _bn |
||
| 338 |
_2rdacarrier _aVolume _bnc |
||
| 650 | 0 |
_2Library of Congress _92754 _aSTREAM ECOLOGY |
|
| 942 |
_2lcc _c002 |
||
| 999 |
_c84846 _d84846 |
||